| 000 | 01045cam a2200349Mi 4500 | ||
|---|---|---|---|
| 001 | 94889 | ||
| 005 | 20230410124044.0 | ||
| 008 | 060725s2006 sp 000 0 spa d | ||
| 035 | _a(OCoLC)ocm70767274 | ||
| 040 |
_aPL# _bspa _cPL# _dUIA _dCRUNA _dBNM _dESUDE |
||
| 019 | _a630238750 | ||
| 020 | _a847827426X | ||
| 020 | _a9788478274260 | ||
| 029 | 0 |
_aPL# _b060002080 |
|
| 035 |
_a(OCoLC)70767274 _z(OCoLC)630238750 |
||
| 050 | 1 | 4 |
_aLC 212.8 _bA681t 2006 |
| 082 | 0 | 0 | _a371.823 |
| 049 | _aGRAL | ||
| 100 | 1 | _aArenas, Gloria. | |
| 245 | 1 | 0 |
_aTriunfantes perdedoras : _bla vida de las niñas en la escuela / _cGloria Arenas. |
| 260 |
_aBarcelona : _bGraó, _c2006. |
||
| 300 |
_a274 p. : _bil. ; _c24 cm. |
||
| 440 | 0 |
_aCrítica y fundamentos ; _v11 |
|
| 504 | _aBibliografía: p.[267]-274. | ||
| 650 | 4 | _aEnseñanza primaria. | |
| 650 | 4 | _aGenero (sexo). | |
| 653 | _aEducación de la mujer. | ||
| 653 | _aSexismo en la educación | ||
| 938 |
_aPuvill Libros _bPUVL _n847827426X _c$25.69 |
||
| 942 |
_2lcc _cbk |
||
| 994 |
_aC0 _bDRFGD |
||
| 999 |
_c70122 _d70122 |
||